<?xml version="1.0" encoding="UTF-8"?>
<record
    xmlns:xsi="http://www.w3.org/2001/XMLSchema-instance"
    xsi:schemaLocation="http://www.loc.gov/MARC21/slim http://www.loc.gov/standards/marcxml/schema/MARC21slim.xsd"
    xmlns="http://www.loc.gov/MARC21/slim">

  <leader>01548nam a22001937a 4500</leader>
  <datafield tag="999" ind1=" " ind2=" ">
    <subfield code="c">25553</subfield>
    <subfield code="d">25553</subfield>
  </datafield>
  <datafield tag="020" ind1=" " ind2=" ">
    <subfield code="a">9783319542010</subfield>
  </datafield>
  <datafield tag="082" ind1=" " ind2=" ">
    <subfield code="a">320.01</subfield>
    <subfield code="b">GEN-</subfield>
  </datafield>
  <datafield tag="245" ind1=" " ind2=" ">
    <subfield code="a">Gender in human rights and Transitional justice              </subfield>
  </datafield>
  <datafield tag="260" ind1=" " ind2=" ">
    <subfield code="a">Cham   </subfield>
    <subfield code="b">Palgrave Macmillan</subfield>
    <subfield code="c"> 2018     </subfield>
  </datafield>
  <datafield tag="300" ind1=" " ind2=" ">
    <subfield code="a"> xix, 272p.</subfield>
  </datafield>
  <datafield tag="440" ind1=" " ind2=" ">
    <subfield code="a">Crossing boundaries of gender and politics in the global south</subfield>
  </datafield>
  <datafield tag="504" ind1=" " ind2=" ">
    <subfield code="a">Include Index</subfield>
  </datafield>
  <datafield tag="520" ind1=" " ind2=" ">
    <subfield code="a">This volume counters one-sided dominant discursive representations of gender in human rights and transitional justice, and women's place in the transformations of neoliberal human rights, and contributes a more balanced examination of how transitional justice and human rights institutions and political institutions impact the lives and experiences of women. Using a multidisciplinary approach, the contributors to this volume theorize and historicize the place of women's rights (and gender), situating it within contemporary country-specific political, legal, socio-cultural and global contexts. Chapters examine the progress and challenges facing women (and women's groups) in transitioning countries: from Peru to Argentina, from Kenya to Sierra Leone, and from Bosnia to Sri Lanka, in a variety of contexts, attending especially to the relationships between local and global forces.</subfield>
  </datafield>
  <datafield tag="546" ind1=" " ind2=" ">
    <subfield code="a">	



</subfield>
  </datafield>
  <datafield tag="650" ind1=" " ind2=" ">
    <subfield code="a">Transitional justice</subfield>
    <subfield code="v">Post-conflict societies</subfield>
    <subfield code="v">Women -- Legal status</subfield>
    <subfield code="v">Women's rights</subfield>
    <subfield code="v">Human rights</subfield>
    <subfield code="v">Gender</subfield>
    <subfield code="v">Nation-building</subfield>
  </datafield>
  <datafield tag="700" ind1=" " ind2=" ">
    <subfield code="a">Lahai, John Idriss</subfield>
  </datafield>
  <datafield tag="700" ind1=" " ind2=" ">
    <subfield code="a">Moyo, Khanyisela</subfield>
  </datafield>
  <datafield tag="942" ind1=" " ind2=" ">
    <subfield code="2">ddc</subfield>
    <subfield code="c">BK</subfield>
  </datafield>
  <datafield tag="952" ind1=" " ind2=" ">
    <subfield code="0">0</subfield>
    <subfield code="1">0</subfield>
    <subfield code="4">0</subfield>
    <subfield code="7">0</subfield>
    <subfield code="a">NASSDOC</subfield>
    <subfield code="b">NASSDOC</subfield>
    <subfield code="d">2019-03-25</subfield>
    <subfield code="e">OP</subfield>
    <subfield code="i">2019-03-25</subfield>
    <subfield code="l">0</subfield>
    <subfield code="o">320.01 GEN-</subfield>
    <subfield code="p">50296</subfield>
    <subfield code="r">2019-08-30 00:00:00</subfield>
    <subfield code="w">2019-03-25</subfield>
    <subfield code="y">BK</subfield>
  </datafield>
</record>
